Statistics for WW2

Click here to take the quiz!

General Stats

  • This quiz has been taken 1,638 times
  • The average score is 8 of 15

Answer Stats

HintAnswer% Correct
what year did WW2 end1945
87%
when did WW2 start1939
85%
who was the American President at the start of WW2Franklin D. Roosevelt
73%
What happened on December 7th 1941Pearl Harbor
73%
Turning point in the pacific WarBattle of Midway
72%
who assisted the USA in the construction of the A-BombUnited Kingdom
72%
hitlers wife's nameEva Braun
67%
U.S. General of the 3rd ArmyGeorge S. Patton
55%
future U.S. President, crewmember of a PT BoatJohn F. Kennedy
49%
Most famous British fighter of the Battle of BritainSupermarine Spitfire
43%
most produced tank of WW2T34
36%
what was the first nation to cracked the Enigma codePoland
31%
What was the most successful Aircraft Carrier in U.S. history with 20 battle starsUSS Enterprise
25%
what happened in manchuria on 9th of August 1945USSR Invasion
18%
The first purpose built jet fighterMesserschmitt 262
17%

Score Distribution

Percentile by Number Answered

Percent of People with Each Score

Your Score History

You have not taken this quiz